Entry Toplantı Adı
001 - KONTROL NUMARASI
- Kontrol alanı: 32997
003 - KONTROL NUMARASI KİMLİĞİ
- Kontrol alanı: TR-BiSEU
005 - SON İŞLEM TARİHİ VE ZAMANI
- Kontrol alanı: 20260207001942.0
008 - SABİT UZUNLUKTAKİ VERİ ÖGELERİ - GENEL BİLGİ
- Sabit uzunlukta kontrol alanı: 260207|| aca||aabn | a|a d
040 ## - KATALOGLAMA KAYNAĞI
- Özgün kataloglama kurumu: TR-BiSEU
- Çeviri kurumu: TR-BiSEU
111 ## - KONU BAŞLIKLARI - TOPLANTI ADI
- Toplantı adı: Atatürkçülük ve Modern Türkiye = Ataturk And Modern Turkey (22-23 Ekim 1998 : Ankara)
670 ## - BİLGİNİN KAYNAĞI
- Bilginin alındığı kaynak: KOHA: (TR-BiSEU)14045: Atatürkçülük ve Modern Türkiye = Ataturk And Modern Turkey (22-23 Ekim 1998 : Ankara), Uluslararası konferans Atatürkçülük ve modern Türkiye :
